LIBRARY & INFORMATION CENTRE, KCAET, TAVANUR

ONLINE PUBLIC ACCESS CATALOGUE (OPAC)

DEVELOPMENT AND EVALUATION OF A WEEDICIDE APPLICATOR FOR POWERED PADDY DRUM SEEDER ATTACHMENT TO A RIDING-FLOAT TYPE SELF- PROPELLED UNIT (Record no. 17650)

MARC details
000 -LEADER
fixed length control field 00449nam a22001337a 4500
003 - CONTROL NUMBER IDENTIFIER
control field OSt
082 ## - DEWEY DECIMAL CLASSIFICATION NUMBER
Classification number 631
088 ## - REPORT NUMBER
Report number T567
100 ## - MAIN ENTRY--AUTHOR NAME
Personal name ATHIRA V S
245 ## - TITLE STATEMENT
Title DEVELOPMENT AND EVALUATION OF A WEEDICIDE APPLICATOR FOR POWERED PADDY DRUM SEEDER ATTACHMENT TO A RIDING-FLOAT TYPE SELF- PROPELLED UNIT
260 ## - PUBLICATION, DISTRIBUTION, ETC. (IMPRINT)
Place of publication Thavanur
Year of publication 2023
700 ## - ADDED ENTRY--PERSONAL NAME
Personal name Manoj Mathew (Guide)
942 ## - ADDED ENTRY ELEMENTS (KOHA)
Koha item type Theses
260 ## - PUBLICATION, DISTRIBUTION, ETC. (IMPRINT)
-- Department of farm machinery and power engineering
Holdings
Home library Current library Full call number Accession Number Koha item type Public note
KAUAET KAUAET 631 T567 Theses M.Tech Thesis
free website counter